Vista normal
Vista MARC
Entrada Nombre corporativo
Número de registros utilizados en: 2
001 - NÚMERO DE CONTROL
- Campo de control: 2167
003 - IDENTIFICADOR DE NÚMERO DE CONTROL
- Campo de control: ES-MaCES
005 - FECHA Y HORA DE LA ULTIMA MODIFICACION
- Campo de control: 20150317120613.0
008 - ELEMENTOS DE DATOS DE LONGITUD FIJA
- Campo de longitud fija: 100921 | azznnaabn |n ana d
035 ## - NÚMERO DE CONTROL DEL SISTEMA
- Número de control del sistema: CES20100001113e
040 ## - FUENTE DE LA CATALOGACIÓN
- Agencia original de catalogación: ES-MaCES
- Idioma de catalogación: spa
- Agencia de transcripción: ES-MaCES
110 2# - ENCABEZAMIENTO--NOMBRE CORPORATIVO
- Nombre corporativo o de jurisdicción como elemento de entrada: Comisión Nacional de la Competencia (España)
410 ## - TRAZADO VEÁSE--NOMBRE CORPORATIVO
- Nombre corporativo o de jurisdicción como elemento de entrada: CNC
510 ## - TRAZADO VEÁSE ADEMÁS--NOMBRE CORPORATIVO
- Nombre corporativo o jurisdicción como elemento de entrada: Comisión Nacional de los Mercados y la Competencia (España)
670 ## - FUENTE DE DATOS ENCONTRADOS
- Fuente de citación: http://www.cncompetencia.es/
- Información encontrada: La CNC ya está integrada en la CNMV. Las actividades y funciones de la Comisión Nacional de la Competencia se encuentran integradas en la nueva Comisión Nacional de los Mercados y la Competencia , que ha entrado en funcionamiento el 7 de octubre de 2013, agrupando las funciones destinadas a garantizar y promover el correcto funcionamiento, la transparencia y la existencia de una competencia efectiva en todos los mercados y sectores productivos.
901 ## - CES. DATOS SIRTEX
- ID Sirtex (N5N8): 0001800007399
- 005BIS Sirtex: 201009211041ALORITE

